Situacin̤ actual de la planeacin̤ agropecuaria y del desarrollo rural sustentable

Detalles Bibliográficos
Formato: eBook
Lenguaje:español
Publicado: Ciudad de Mx̌ico: Cm̀ara de Diputados, 2007
Materias:
Acceso en línea:Acceso restringido

MARC

LEADER 00000nam a22000007a 4500
005 2017082508208.0
007 cr|||| ||||
008 170825s2007 mx |||||s||||f00||0 spa d
035 |a 20429 
040 |a vLex 
090 |c 6843  |d 6843 
245 0 0 |a Situacin̤ actual de la planeacin̤ agropecuaria y del desarrollo rural sustentable  |h [Recurso electrn̤ico] / 
256 |a Servicio en ln̕ea 
260 |a Ciudad de Mx̌ico:  |b Cm̀ara de Diputados,  |c 2007 
300 |a 1 recurso electrn̤ico 
500 |a Subtt̕ulo: Resultados del estudio en el Estado de Veracruz. 
506 1 |a Disponible solo en los productos indicados  |d vLex Global  |d vLex Global (Academic Edition, excluding Law Schools)  |d vLex Global (U.S. Academic Edition, Law Schools)  |d vLex Global (U.S. Academic Edition, excluding Law Schools)  |d vLex Global (Academic Edition, Law Schools) 
650 0 4 |a Derecho Mercantil y de la Empresa  |z Mx̌ico 
650 0 4 |a Derecho Pb︢lico y Administrativo  |z Mx̌ico 
740 0 |a vLex Libros (Servicio en ln̕ea) 
856 4 0 |u http://vlex.com/source/situacion-actual-de-la-planeacion-agropecuaria-y-del-desarrollo-rural-sustentable-resultados-del-estudio-en-el-estado-de-veracruz-20429  |z Acceso restringido 
942 |c BOOK 
999 0 |a Commercial and Company Law 
999 0 |a Public and Administrative Law